| 000 | 01332nam a2200349 i 4500 | ||
|---|---|---|---|
| 001 | 59647 | ||
| 003 | CO-BoRNBP | ||
| 005 | 20251027192541.0 | ||
| 007 | ta | ||
| 008 | 250729s2024 ck a gr 000 j spa | ||
| 020 | _a9786289553949 | ||
| 040 |
_aCO-BoBN _bspa _erda _cCO-BoBN |
||
| 041 | 0 | _aspa | |
| 082 | 0 | 4 |
_a398.24 _223 |
| 245 | 0 | 0 |
_aFabulario : _bfábulas y cuentos populares / _cinvestigación y selección de textos, Lina Mejía Correa, Vanessa Escobar Rodríguez, Daniel Álvarez Betancur ; ilustraciones, Carolina Bernal Camargo |
| 250 | _aPrimera edición | ||
| 264 | 1 |
_aMedellín : _bFundación Secretos para Contar, _c2024 |
|
| 300 |
_a95 páginas : _bilustraciones a color ; _c25 cm |
||
| 336 |
_aTexto _btxt _2rdacontent |
||
| 337 |
_aSin mediación _bn _2rdamedia |
||
| 338 |
_aVolumen _bnc _2rdacarrier |
||
| 490 | 0 | _aSecretos para contar | |
| 490 | 0 | _aLa vaca colorada. Leer e imaginar | |
| 650 | 1 | 4 |
_aFábulas _vColecciones _2LEMB _963012 |
| 650 | 2 | 4 |
_aCuentos populares _vColecciones _2LEMB _966215 |
| 700 | 1 |
_aMejía Correa, Lina, _ecompiladora _966164 |
|
| 700 | 1 |
_aEscobar Rodríguez, Vanessa, _ecompiladora _966161 |
|
| 700 | 1 |
_aÁlvarez Betancur, Daniel, _ecompilador _966216 |
|
| 700 | 1 |
_aBernal Camargo, Carolina, _eilustradora _958990 |
|
| 942 |
_2ddc _cBK |
||
| 990 |
_a2025-6848 _bYeny Castrillón Morales |
||
| 999 |
_c59647 _d59647 |
||